000 00491nam a2200169Ia 4500
005 20250923144246.0
008 008 250917s9999 xx 000 0 eng d
037 _aTextual
040 _aDSWL
_beng
_cDSWL
041 _aeng
_2eng
084 _aX4:8:1:N4, H7
_qDSWL
245 0 _aGeneral report, second session,Geneva,1947
_cby I.L.O Asiatic Regional Conference
260 _bILO
_c1947
300 _a53 p.
942 _cTEXL
_hX4:8:1:N4, H7
999 _c1436690
_d1436690